Text language Quiz Stats

Quiz not verified by Sporcle

Challenge
Share
Tweet
Embed
Score 0/13 Timer 04:00
0 Plays Today
text translation % Correct
gr8great
98.5%
brbbe right back
97.8%
c u l8rsee you later
89.9%
txttext
87.5%
2morotomorrow
86%
nitenight
84.7%
musikkmusic
78.2%
roflrolling on the floor laughing
73.5%
bffbest friends forever
71.8%
lollaughing out loud
63.1%
bfflbest friends for life
62.3%
bbsbe back soon
38.6%
3%

You're not logged in!

Compare scores with friends on all Sporcle quizzes.
Sign Up with Email
OR
Log In

You Might Also Like...

Show Comments

Extras

Top Quizzes Today


Score Distribution

Your Account Isn't Verified!

In order to create a playlist on Sporcle, you need to verify the email address you used during registration. Go to your Sporcle Settings to finish the process.